Southville International School and Colleges
Your cart is empty.
  • Cart
  • Lists
    Public lists Eva Luna New books Lux_list list_1
    Your lists Log in to create your own lists
  • Log in to your account
  • Your cookies
  • Search history
Southville International School and Colleges
  • Advanced search
  • Recent comments
  • Most popular
  • Libraries

Log in to your account

Log in with GOOGLE


If you do not have an external account, but do have a local account, you can still log in:

  1. Home
  2. MARC view: Basic statistics for business & economics /
Normal view MARC view ISBD view

Basic statistics for business & economics / (Record no. 23151)

[ view plain ]
MARC details
000 -LEADER
fixed length control field 00763nam a2200253 a 4500
003 - CONTROL NUMBER IDENTIFIER
control field SISC
005 - DATE AND TIME OF LATEST TRANSACTION
control field 20181217071238.0
008 - FIXED-LENGTH DATA ELEMENTS--GENERAL INFORMATION
fixed length control field 070921s19uu xx 00 eng d
020 ## - INTERNATIONAL STANDARD BOOK NUMBER
International Standard Book Number 9780071258982
050 ## - LIBRARY OF CONGRESS CALL NUMBER
Classification number HA 29
Item number .L742 2008
100 ## - MAIN ENTRY--PERSONAL NAME
Personal name Lind, Douglas A.
245 ## - TITLE STATEMENT
Title Basic statistics for business & economics /
Statement of responsibility, etc Douglas A. Lind
250 ## - EDITION STATEMENT
Edition statement 6th ed.
260 ## - PUBLICATION, DISTRIBUTION, ETC. (IMPRINT)
Place of publication, distribution, etc New York :
Name of publisher, distributor, etc McGraw-Hill, Inc,
Date of publication, distribution, etc 2006.
300 ## - PHYSICAL DESCRIPTION
Extent 558 p. :
Other physical details col. ill. ;
Dimensions 27 cm.
650 ## - SUBJECT ADDED ENTRY--TOPICAL TERM
Topical term or geographic name as entry element BSBA books.
650 ## - SUBJECT ADDED ENTRY--TOPICAL TERM
Topical term or geographic name as entry element Social sciences
General subdivision Statistical methods.
650 ## - SUBJECT ADDED ENTRY--TOPICAL TERM
Topical term or geographic name as entry element Economics
General subdivision Statistical methods.
650 ## - SUBJECT ADDED ENTRY--TOPICAL TERM
Topical term or geographic name as entry element Industrial management
General subdivision Statistical methods.
700 ## - ADDED ENTRY--PERSONAL NAME
Personal name Marchal, William G.
700 ## - ADDED ENTRY--PERSONAL NAME
Personal name Wathen, Samuel A.
942 ## - ADDED ENTRY ELEMENTS (KOHA)
Koha item type Books
Source of classification or shelving scheme Library of Congress Classification
Call number prefix Foreign
Holdings
Withdrawn status Lost status Source of classification or shelving scheme Damaged status Home library Current library Shelving location Date acquired Source of acquisition Total Checkouts Full call number Barcode Date last seen Copy number Price effective from Koha item type
    Library of Congress Classification   Archives Archives   06/04/2010 Donation   HA 29 .L75 2006 C11208 05/15/2018 1 10/18/2013 Books
    Library of Congress Classification   College Library College Library General Circulation Section 02/13/2018 Donation   HA 29 .L742 2008 C10018 12/17/2018   02/13/2018 Books

Basic statistics for business & economics /

APA

Lind D. A., Marchal W. G. & Wathen S. A. (2006). Basic statistics for business & economics. New York: McGraw-Hill, Inc.

Chicago

Lind Douglas A, Marchal William G and Wathen Samuel A. 2006. Basic statistics for business & economics. New York: McGraw-Hill, Inc.

Harvard

Lind D. A., Marchal W. G. and Wathen S. A. (2006). Basic statistics for business & economics. New York: McGraw-Hill, Inc.

MLA

Lind Douglas A, Marchal William G and Wathen Samuel A. Basic statistics for business & economics. New York: McGraw-Hill, Inc. 2006.

  • Place hold
  • Print
  • Cite
  • Add to your cart (remove)
  • Save record
    BIBTEX Dublin Core MARCXML MARC (non-Unicode/MARC-8) MARC (Unicode/UTF-8) MARC (Unicode/UTF-8, Standard) MODS (XML) RIS
  • More searches
    Search for this title in:
    Other Libraries (WorldCat) Other Databases (Google Scholar) Online Stores (Bookfinder.com) Open Library (openlibrary.org)

Exporting to Dublin Core...

SOUTHVILLE LIBRARY

Southville International School and Colleges Library

1281 Tropical Ave. Cor. Luxembourg St., BF Homes International, Las Pinas City

Tel. No. 8256374 / 252358 Loc. 117/146

Powered by Koha